MDQL
is popping MORE tags! Check the
thread
!
Quizzes
Events
Quiz Creation
Community
Videos
Private Events
Remove Ads
Sign In
Join for FREE
Feedback
Dark Mode
Quiz Categories
Sports
Geography
Music
Movies
Television
Just For Fun
Miscellaneous
History
Literature
Language
Science
Gaming
Entertainment
Religion
Holiday
For Kids
Quiz Lab
Recent
Popular Today
Quiz Kudos Today
Editor Picks
Curator Picks
Quizzes by...
Day
Popularity
Type
Ratings
Length
Year
Community
Subscriptions
Recent Discussions
Orange Saloon
Badges
Playlists
Quests
Create
Leaderboards
Showdown
Live 5
Trivia Bingo
Activity
Puzzle Library
Sporcle Events
Private Events
Virtual Trivia
Globe League
Become a Host
Pub Owners
SporcleCon
Opinionation
Our Games
Videos
Blog
Mobile Apps
Partnerships
Remove Ads and Go Orange
Feedback
Sports
Athletes
MLB
NBA
NHL
NFL
Soccer
Sports Teams
WWE
NCAA
Football
Premier League
Basketball
Baseball
Hockey
Golf
Tennis
Cricket
Rugby
Auto Racing
Olympics
World Cup
Sports
Athletes
MLB
NBA
NHL
NFL
Soccer
Sports Teams
WWE
NCAA
Football
Premier League
Basketball
Baseball
Hockey
Golf
Tennis
Cricket
Rugby
Auto Racing
Olympics
World Cup
Random Quiz
Search Sporcle
×
Quiz Lab
Quiz Lab
Sports
Tennis
Type in answers that appear in a list
Type in answers that appear in a list
Classic
Best Score? Go Orange.
U.S. Open Men's Singles Quarterfinalists (2003-12) Stats
Can you name the players who reached at least the QFs at the US Open from 2003-12?
By
danielmm
7m
80 Questions
283 Plays
283 Plays
283 Plays
Comments
Comments
Give Quiz Kudos
Give Quiz Kudos
-
- Ratings
hide this ad
Replay
Link that replays current quiz
Next Quiz
Link to next quiz in quiz playlist
You Got
0%
They Got
Avg Score
81%
Avg Friend Score
Upgrade to see
Score Distribution
Jump to the score distribution portion of the page
Score
0/80
Timer
07:00
0
Plays Today
Year
Player
% Correct
2012
Roger Federer
100%
2011
Roger Federer
100%
2010
Roger Federer
100%
2009
Roger Federer
100%
2008
Roger Federer
100%
2007
Roger Federer
100%
2006
Roger Federer
100%
2005
Roger Federer
100%
2004
Roger Federer
100%
2012
Novak Djokovic
99.6%
2011
Novak Djokovic
99.6%
2011
Rafael Nadal
99.6%
2010
Rafael Nadal
99.6%
2010
Novak Djokovic
99.6%
2009
Rafael Nadal
99.6%
2009
Novak Djokovic
99.6%
2008
Novak Djokovic
99.6%
2008
Rafael Nadal
99.6%
2007
Novak Djokovic
99.6%
2006
Rafael Nadal
99.6%
2012
Andy Murray
99.3%
2011
Andy Murray
99.3%
2008
Andy Murray
99.3%
2012
David Ferrer
97.9%
2007
David Ferrer
97.9%
2011
Andy Roddick
96.5%
2008
Andy Roddick
96.5%
2007
Andy Roddick
96.5%
2006
Andy Roddick
96.5%
2004
Andy Roddick
96.5%
2003
Andy Roddick
96.5%
2012
Juan Martin del Potro
95.4%
2009
Juan Martin del Potro
95.4%
2008
Juan Martin del Potro
95.4%
2005
Andre Agassi
94%
2004
Andre Agassi
94%
2003
Andre Agassi
94%
2006
Lleyton Hewitt
92.2%
2005
Lleyton Hewitt
92.2%
2004
Lleyton Hewitt
92.2%
Year
Player
% Correct
2003
Lleyton Hewitt
92.2%
2011
Jo-Wilfried Tsonga
90.5%
2012
Tomas Berdych
89.8%
2003
Juan Carlos Ferrero
88.3%
2007
Nikolay Davydenko
80.9%
2006
Nikolay Davydenko
80.9%
2005
David Nalbandian
79.2%
2003
David Nalbandian
79.2%
2010
Gael Monfils
78.8%
2012
Marin Cilic
77%
2009
Marin Cilic
77%
2006
James Blake
75.6%
2005
James Blake
75.6%
2011
John Isner
74.6%
2010
Fernando Verdasco
73.5%
2009
Fernando Verdasco
73.5%
2007
Tommy Haas
73.5%
2006
Tommy Haas
73.5%
2004
Tommy Haas
73.5%
2010
Stanislas Wawrinka
72.8%
2010
Mikhail Youzhny
71%
2006
Mikhail Youzhny
71%
2008
Mardy Fish
69.3%
2010
Robin Soderling
68.9%
2009
Robin Soderling
68.9%
2004
Tim Henman
66.8%
2007
Carlos Moya
66.4%
2009
Fernando Gonzalez
64%
2005
Guillermo Coria
62.2%
2003
Guillermo Coria
62.2%
2012
Janko Tipsarevic
61.8%
2011
Janko Tipsarevic
61.8%
2004
Joachim Johansson
52.3%
2005
Robby Ginepri
47.3%
2007
Juan Ignacio Chela
32.5%
2003
Sjeng Schalken
29.7%
2008
Gilles Muller
26.1%
2005
Jarkko Nieminen
23.3%
2004
Dominik Hrbaty
20.5%
2003
Younes El Aynaoui
13.1%
Quiz Playlist
Details
Report
Send in Message
Add To Playlist
Classic:
Type in answers that appear in a list
Quiz Source
Last Updated: Feb 16, 2017
Quiz Scoreboard
CHALLENGE
Sign Up to Join the Scoreboard
Show All
Scores
Hide
Comments
May contain spoilers
Recently Published
Famous 'C' Women
by xyz_
Entertainment
6m
Holiday 10x10 Sorting Gallery
by lukepisani3
Holiday
15m
Two Season TV Shows II
by 123Four
Television
10m
More to Explore
Quiz From the Vault
Featured Blog Post
14 Easter Pick-up Lines to Find Eggs With
hide this ad
You Might Also Like...
Tags
Tennis Quiz
Agassi
Bill Murray
Federer
nadal
New York
US Open
Today's Top Quizzes in Sports
Browse Sports
hide this ad
Today's Top Quizzes in Tennis
Browse Tennis
Top Contributed Quizzes in Sports
1
Les meilleurs buteurs des matchs entre le PSG et l’OM
2
Les entraîneurs de l'OM et du PSG au 21e siècle
3
2022 World Cup Stars
4
Players with Multiple 50 Home Run Seasons
5
Les joueurs passés par le PSG et l'OM
6
FIFA Club World Cup Champions
7
Top 10 NHL Goal Scorers of All Time
8
Criteria MLB: Left Handed Sluggers
9
Les joueurs passés par le LOSC et le RC Lens
10
2023 MLB Unique Player Accomplishments
Explore More
Trending Topics
Marvel
Harry Potter
Crossword
Disney
Anime
Kpop
NBA
Puzzle
WWE
Song
Country
Soccer
NFL
Pokémon
The Office
hide this ad
More By:
danielmm
Quiz
Plays
Rating
Category
Featured
Created
French Open Men's Singles Quarterfinalists (2003-12)
3,329
4.70
Sports
Feb 7, 2013
French Open Women's Singles Quarterfinalists (2003-12)
302
4.33
Sports
Feb 7, 2013
U.S. Open Men's Singles Quarterfinalists (2003-12)
283
4.00
Sports
Feb 8, 2013
U.S. Open Women's Singles Quarterfinalists (2003-12)
163
4.00
Sports
Feb 8, 2013
Go to Creator's Profile
Score Distribution
Quiz Creator Spotlight
danielmm
Follow
Send a Message
Quizzes Created
-
Created Quiz Play Count
-
More By This Creator
Popular Quizzes Today
1
Find the US States - No Outlines Minefield
2
Colored Red Africa Blitz
3
Find the 'City' Movie
4
The Countries of the World
5
Find the US States
6
5x2 Blitz: Bands
7
Find the Countries of Europe - No Outlines Minefield
8
US States
More Sports Quizzes
NHL Most All-Star Selections
Curator's Pick
Trending Quizzes
Colored Red Europe Blitz I
Colored Red Europe Blitz II
Colored Red Africa Blitz II
Colored Red Africa Blitz III
Colored Red Europe Blitz III
Recently Updated
Odd Team Out - Big 4 Players
pecheneg
Quick Pick: 20 Twenties
pecheneg
March Madness Men's Triple Doubles
pecheneg
How Do You Spell That?
pecheneg
Godzilla Movies
pecheneg
Grab Bag: 4-10 Letters
pecheneg
2024 March Madness Bracket
pecheneg
Famous TV Couples
Peacemaker
Champions League XIs: Real Madrid
pecheneg
Largest US Cities 1790-2010
pecheneg
Trending Topics
Harry Potter
Marvel
NBA
Kpop
Crossword
Anime
Disney
Song
Puzzle
WWE
NFL
Pokémon
Country
The Office
Soccer
Your Account Isn't Verified!
In order to create a playlist on Sporcle, you need to verify the email address you used during registration. Go to your
Sporcle Settings
to finish the process.
Report this User
Report this user for behavior that violates our
Community Guidelines
.
Details:
Send Report
Go to the Sporcle.com Mobile Site →
Comments